000 01075cam a22003494a 4500
001 111946
005 20230410115813.0
008 030424s2004 maua b 001 0 eng
035 _a13174476
925 0 _aacquire
_b2 shelf copies
_xpolicy default
942 _2lcc
_cbk
010 _a 2003051820
015 _aGBA3V2909
_2bnb
016 7 _a012270636
_2Uk
020 _a0631234284 (alk. paper)
020 _a0631234292 (pbk. : alk. paper)
035 _a(OCoLC)ocm52197628
040 _aDLC
_cDLC
_dYDX
_dUKM
_dBAKER
_dNLGGC
_dDLC
042 _apcc
050 1 4 _aHM 548
_bB632 2004
082 0 0 _a306.3
245 0 4 _aThe Blackwell cultural economy reader /
_cedited by Ash Amin and Nigel Thrift.
260 _aMalden, MA :
_bBlackwell,
_c2004.
300 _axxx, 413 p. :
_bill. ;
_c26 cm.
440 0 _aBlackwell readers in geography
504 _aIncludes bibliographical references and index.
650 0 _aEconomics
_xSociological aspects.
650 4 _aEconomía
_xAspectos sociológicos.
700 1 _aAmin, Ash.
700 1 _aThrift, N. J.
946 _a
999 _c48292
_d48292